000 00410nam a22001577a 4500
999 _c1670
_d1670
008 200128b ||||| |||| 00| 0 eng d
082 0 0 _a624
_bA565
100 _91295
_aAndrews, Ewart S.
245 1 0 _aTheory and design of structures
_cby Ewart S Andrews
250 _a5th
260 _aLondon
_bChapman and Hall
_c1952
300 _axii,646p.
365 _d13.09
650 0 _aStructural Analysis
942 _cBK